000 00533nam a2200193Ia 4500
005 20260429112050.0
008 260429s9999||||xx |||||||||||||| ||und||
020 _a9781836598275
041 _aEnglish
082 _a364.3
_bBUT
100 _aButler, Haley
245 0 _aIntroduction to forensic and criminal psychology /
_cHaley Butler
250 _a1st ed.
260 _aLondon :
_bETP ED- Tech Press,
_c2025.
300 _axii, 270 p.; hb
650 _a Criminal psychology
650 _aForensic psychology
942 _cTB
999 _c52165
_d52165